000 00273nam a22001217a 4500
008 180205b xxu||||| |||| 00| 0 eng d
041 _aeng
080 _a658
100 _a54
101 _aLID
245 _aCases in organisational behaviour
_cLennan,R.M
942 _2udc
_cBK
999 _c41731
_d41731